000 00462nam a2200193Ia 4500
003 OSt
005 20251010165308.0
008 210210b1999 xxu||||| |||| 00| 0 eng d
040 _cAL
041 _aEnglish
082 _a338.1 SUNR
100 _aSundaram I Satya
_9150727
245 _aRural development
260 _aDelhi
_bHimalaya Publishing House
_c1999
300 _axvi,540p
690 _aAgriculture
_9150729
906 _a054556
942 _2ddc
_cBK
999 _c102352
_d102352